La crisis de la dirigencia

Spremljeno u:
Bibliografski detalji
Glavni autor: Jorge, José Eduardo
Autor kompanije: e-libro, Corp
Format: e-knjiga
Jezik:španjolski
Izdano: [Buenos Aires ; Argentina] : Cambio Cultural, [2002]
Teme:
Online pristup:https://elibro.unach.elogim.com/es/lc/unach/titulos/27555
Oznake: Dodaj oznaku
Bez oznaka, Budi prvi tko označuje ovaj zapis!

MARC

LEADER 00000nam a2200000 a 4500
001 ELB27555
003 FlNmELB
006 m o d |
007 cr cn|||||||||
008 200902r2002 ag |||||s|||||||||||spa d
020 |z 1413533485 
035 |a (MiAaPQ)EBC3159355 
035 |a (Au-PeEL)EBL3159355 
035 |a (CaPaEBR)ebr10065559 
035 |a (OCoLC)1010688073 
040 |a FlNmELB  |b spa  |c FlNmELB 
050 4 |a HC175  |b J826 2002 
080 |a 338(82) 
082 0 4 |a 338.982  |2 22 
100 1 |a Jorge, José Eduardo. 
245 1 3 |a La crisis de la dirigencia  |h [recurso electronico] /  |c José Eduardo Jorge. 
260 |a [Buenos Aires ; Argentina] :  |b Cambio Cultural,  |c [2002] 
300 |a 15 p. 
533 |a Recurso electrónico. Santa Fe, Arg.: e-libro, 2015. Disponible vía World Wide Web. El acceso puede estar limitado para las bibliotecas afiliadas a e-libro. 
650 4 |a Economía  |z Argentina. 
650 4 |a Política  |z Argentina. 
651 4 |a Argentina  |x Economic policy. 
655 4 |a Libros electrónicos. 
710 2 |a e-libro, Corp. 
856 4 0 |u https://elibro.unach.elogim.com/es/lc/unach/titulos/27555